Automatizovaná distribúcia a testovanie softvérových balíkov

Saved in:
Bibliographic Details
Main Author: Knapík, Michal (Author)
Other Authors: Drahoš, Peter (Thesis advisor)
Format: Manuscript Book
Language:Slovak
Published: 2017
Subjects:
Online Access:http://is.stuba.sk/zp/portal_zp.pl?podrobnosti=106469
Tags: Add Tag
No Tags, Be the first to tag this record!

MARC

LEADER 00000ntm a22000003a 4500
001 stuzp64422
003 SK-STU
005 20170624213356.9
007 ta
008 150427s2015----xo-----f-mn---000-0-slo-d
040 |a STU  |b slo 
041 0 |a slo 
100 1 |a Knapík, Michal  |u 070400  |4 aut  |U FIIT Fakulta informatiky a informačných technológií  |T FIIT Ústav počítačového inžinierstva a aplikovanej informatiky  |X 72158  |U I400  |Y 672  |7 72158 
242 0 1 |a Automated distribution and testing of software packages  |y eng 
245 1 0 |a Automatizovaná distribúcia a testovanie softvérových balíkov 
260 |c 2017 
650 4 |a statická kompilácia  |2 slo 
650 4 |a vnorené systémy  |2 slo 
650 4 |a správa softvérových balíkov  |2 slo 
650 4 |a package software management  |2 eng 
650 4 |a static build  |2 eng 
650 4 |a embedded systems  |2 eng 
700 1 |a Drahoš, Peter  |u 070400  |k Z1  |4 ths  |U FIIT Fakulta informatiky a informačných technológií  |T FIIT Ústav počítačového inžinierstva a aplikovanej informatiky  |X 10312  |U I400  |Y 672  |7 A00010312 
856 4 |u http://is.stuba.sk/zp/portal_zp.pl?podrobnosti=106469 
996 |b 11334  |c I* BAP111/17  |l II680  |s P  |a 0  |w stuzp64422_0001